| 000 | 00439nam a22001457a 4500 | ||
|---|---|---|---|
| 082 |
_a620.23 _bBRA _cL-6, P-80 |
||
| 100 |
_aC. H. Bradbury. , _940956 |
||
| 245 |
_aEngine Noise Analysis and Control _bBradbury, C. H, |
||
| 260 |
_aLondon : _bTemple Press books limited |
||
| 300 |
_av, 84 p. : _bill. : |
||
| 526 |
_a0 _b0 _c0 _d620_230000000000000_BRA |
||
| 526 |
_a0 _b0 _c0 _d620_230000000000000_BRA |
||
| 650 |
_aMCE _9379 |
||
| 942 |
_2ddc _cBK |
||
| 999 |
_c545171 _d545171 |
||